| 000 | 01036nam a22002177a 4500 | ||
|---|---|---|---|
| 999 |
_c2649 _d2649 |
||
| 003 | AR-CdUCM | ||
| 008 | 190305b ||||| |||| 00| 0 spa d | ||
| 040 |
_aMUNICIPALIDAD PROVINCIAL DEL CUSCO _cBIBLIOTECA MUNICIPAL DEL CUSCO |
||
| 082 |
_a346.24 / _bC813 |
||
| 100 |
_aCornejo Chávez, Héctor _99311 |
||
| 245 | _aLa invalidez del matrimonio en la jurisprudencia suprema y en la experiencia del Distrito Judicial de Lima / | ||
| 260 |
_aLima, _bP. L. Villanueva, _c1972. |
||
| 300 |
_a305 paginas ; _c24 cm. |
||
| 505 | _aBreves consideraciones doctrinales -- La jurisprudencia de la corte suprema de la república -- Intervención del ministerio fiscal como parte en el juicio de nulidad -- Prueba supletoria del matrimonio -- Investigación de los matrimonios inválidos en los registros públicos de lima... | ||
| 650 |
_aEl matrimonio en el Perú _99312 |
||
| 650 |
_aMatrimonio nulo _99313 |
||
| 650 |
_aMutuo acuerdo _99314 |
||
| 700 |
_aLavado Palacios Palacios, Santiago A. _99315 |
||
| 942 |
_2ddc _cLIBROS |
||
| 945 | _awnts | ||